000 01583nam a22002297a 4500
999 _c2548
_d2548
020 _a 1133354246
022 _a9781133354246
050 _aHM1033
_b.Za5
100 _aVicki Vogel
245 _aPractice behaviors workbook : understanding human behavior and the social environment : ninth edition
_cVicki Vogel; Charles Zastrow; Karen Kay Kirst-Ashman
260 _aBelmont, CA :
_bBrooks/Cole, Cengage Learning,
_c ©2013.
300 _avi,170p.
_bill.
_c28cm.
440 _aBrooks/Cole empowerment series.
500 _a
505 _a Introduction to human behavior and the social environment -- Part I. Infancy and childhood -- Biological development in infancy and childhood -- Psychological development in infancy and childhood -- Social development in infancy and childhood -- Ethnocentrism and racism -- Part II. Adolescence -- Biological development in adolescence -- Psychological development in adolescence -- Gender, gender identity, gender expression, and sexism -- Part III. Young and middle adulthood -- Biological aspects of young and middle adulthood -- Psychological aspects of young and middle adulthood -- Sociological aspects of young and middle adulthood -- Sexual orientation -- Part IV. Later adulthood -- Biological aspects of later adulthood -- Psychological aspects of later adulthood -- Sociological aspects of later adulthood.
650 _aSocial psychology.
650 _a Behavioral assessment.
650 _aDevelopmental psychology.
700 _a Charles Zastrow;
710 _a Karen Kay Kirst-Ashman
942 _cBK